Arkansas mammals : their natural history, classification, and distribution /

Bibliographic Details
Main Author: Sealander, John A., 1917-
Other Authors: Heidt, Gary A., 1942-
Format: Government Document Book
Language:English
Published: Fayetteville : University of Arkansas Press, 1990.
Edition:Revised and enlarged ed.
Subjects:

MARC

Tag First Indicator Second Indicator Subfields
LEADER 00000cam a22000008a 4500
001 in00000980121
005 20150927113519.0
008 890228s1990 aru b s00110 eng
010 |a  89004795  
020 |a 1557281025 (alk. paper) 
020 |a 1557281033 (pbk. : alk. paper) 
035 |a (OCoLC)19393842 
035 |9 AEW6831AM 
040 |a DLC  |c DLC  |d OCL  |d UtOrBLW 
043 |a n-us-ar 
049 |a TXAM 
050 0 0 |a QL719.A8  |b S43 1989 
082 0 |a 599.09767  |2 19 
086 |a HI.F 3/178-8:A 745/990  |2 ardocs 
090 |a QL719.A8  |b S43 1990 
100 1 |a Sealander, John A.,  |d 1917- 
245 1 0 |a Arkansas mammals :  |b their natural history, classification, and distribution /  |c John A. Sealander and Gary A. Heidt. 
250 |a Revised and enlarged ed. 
264 1 |a Fayetteville :  |b University of Arkansas Press,  |c 1990. 
300 |a xiv, 308 pages :  |b illustrations  
336 |a text  |b txt  |2 rdacontent 
337 |a unmediated  |b n  |2 rdamedia 
338 |a volume  |b nc  |2 rdacarrier 
504 |a Includes bibliographical references and index. 
650 0 |a Mammals  |z Arkansas. 
700 1 |a Heidt, Gary A.,  |d 1942- 
999 |a MARS 
999 f f |s 953f7c3f-df76-3f22-9ead-4f34b9b9103c  |i ce7af2d3-a92d-34de-8450-8e273dc9e9c0  |t 0 
952 f f |p ric  |a Texas A&M University  |b Rellis Campus  |c Joint Library Facility  |d Remote Storage  |t 0  |e QL719.A8 S43 1990  |h Library of Congress classification  |i unmediated -- volume  |m A14813493510 
998 f f |a QL719.A8 S43 1990  |t 0  |l Remote Storage